Pokémon - Les attaques de Desséliande - Statistiques

Statistiques générales
  • Ce quiz a été pris 15 fois
  • Le résultat moyen est 11 sur 16
Statistiques - réponses
Niveaux Types Noms des coups % Correct
Niveau 28 Plante Encornebois
100%
Niveau 16 Feu Feu Follet
100%
Départ Évolution Spectre Griffe Ombre
89%
Niveau 44 Plante Martobois
89%
Niveau 20 Spectre Châtiment
78%
Départ Spectre Étonnement
78%
Niveau 36 Spectre Hantise
78%
Niveau 32 Spectre Malédiction
78%
Niveau 12 Spectre Onde Folie
78%
Départ Plante Vampigraine
78%
Départ Normal Charge
67%
Niveau 48 Spectre Lien du Destin
56%
Niveau 52 Plante Maléfice Sylvain
56%
Niveau 40 Plante Racines
56%
Départ Plante Tapotige
22%
Niveau 24 Normal Croissance
11%
Aucun quiz correspondant
Distribution des résultats
% des personnes avec chaque résultat
Percentile par nombre de réponses
Votre historique - résultats
Vous n’avez pas pris ce quiz